00289nam a2200121Ia 4500008004100000082001900041100002000060245002500080250000800105260003200113300000800145650001400153150301s2007 xx 000 0 und d a616.0757bI07L aLISLA, DAVID A. aIMAGING FOR STUDENTS a3RD bHODDER ARNOLDaLONDONc2007 a283 aRADIOLOGY